ပင်းတယနယ်မြေနှင့်ရွှေဥမင်ဘုရားသမိုင်း / (Record no. 40984)

000 -LEADER
fixed length control field 01009nam a2200241Ia 4500
003 - CONTROL NUMBER IDENTIFIER
control field OSt
005 - DATE AND TIME OF LATEST TRANSACTION
control field 20241026110928.0
007 - PHYSICAL DESCRIPTION FIXED FIELD--GENERAL INFORMATION
fixed length control field ca aa aaaaa
008 - FIXED-LENGTH DATA ELEMENTS--GENERAL INFORMATION
fixed length control field 201103s9999 xx 000 0 und d
040 ## - CATALOGING SOURCE
Transcribing agency SSBUL
041 ## - LANGUAGE CODE
Language code of text/sound track or separate title bur
082 ## - DEWEY DECIMAL CLASSIFICATION NUMBER
Edition number ၂၃
Classification number ၂၉၄.၃၄၃၅၀၉ သီ
Item number ၁၃၁၇၇ S-SAT
100 ## - MAIN ENTRY--PERSONAL NAME
Personal name သီလဝံသ
9 (RLIN) 55071
9 (RLIN) 15814
245 10 - TITLE STATEMENT
Title ပင်းတယနယ်မြေနှင့်ရွှေဥမင်ဘုရားသမိုင်း /
Statement of responsibility, etc. သီလဝ ။
250 ## - EDITION STATEMENT
Edition statement တတိယအကြိမ် ။
260 ## - PUBLICATION, DISTRIBUTION, ETC.
Place of publication, distribution, etc. [နေရာမပါ] ၊
Name of publisher, distributor, etc. [ထုတ်ဝေသူမပါ]၊
Date of publication, distribution, etc. [ခုနှစ်မပါ]။
300 ## - PHYSICAL DESCRIPTION
Extent ၁၈၄ စာမျက်နှာ ၊
Other physical details ပုံများ ၊
Dimensions ၁၈ စင်တီ ။
500 ## - GENERAL NOTE
General note S-SAT: Dr Sai Aung Tun Collection
650 ## - SUBJECT ADDED ENTRY--TOPICAL TERM
Topical term or geographic name entry element ဘုရားသမိုင်း
9 (RLIN) 8832
Topical term or geographic name entry element ရွှေဥမင်ဘုရား
Form subdivision သမိုင်း
942 ## - ADDED ENTRY ELEMENTS (KOHA)
Koha item type Book (Short term)
Source of classification or shelving scheme
Holdings
Withdrawn status Lost status Source of classification or shelving scheme Damaged status Not for loan Collection code Permanent Location Current Location Shelving location Date acquired Total Checkouts Full call number Barcode Date last seen Price effective from Koha item type Accession
          Special Collections Shan State Buddhist University Library Shan State Buddhist University Library Special Collection Shelves 26/10/2024   ၂၉၄.၃၄၃၅၀၉ သီ ၁၃၁၇၇ S-SAT MB00013177 26/10/2024 26/10/2024 Book (Short term) ၁၃၁၇၇ S-SAT

Library - 09407999929
Admin Office - 09407999979
Dean Office - 09250910768
Registrar Office - 09892297154
Email - [email protected]
Shan State Buddhist University, Phaya Phyu Taunggyi, Shan State, Myanmar.